| 000 | 01066cam a22003137a 4500 | ||
|---|---|---|---|
| 001 | 3878 | ||
| 003 | FISKH | ||
| 005 | 20241210084927.0 | ||
| 008 | 060623s2006 nyu 000 0 eng | ||
| 010 | _a 2006278566 | ||
| 020 | _a0439801079 | ||
| 020 | _a9780439801072 | ||
| 040 |
_aDLC _cDLC _dDLC _beng |
||
| 050 | 0 | 0 | _aMLCM 2006/04992 (Q) |
| 082 | _a611.314 | ||
| 100 | 1 | _aLane, Jeanette. | |
| 245 | 1 | 4 |
_aThe magic school bus and the missing tooth / _c[written by Jeanette Lane ; illustrated by Carolyn Bracken |
| 260 |
_aNew York, NY : _bScholastic, _c2006. |
||
| 300 |
_a32 unnumbered pages : _bcolor illustrations ; _c23 cm |
||
| 490 | 0 |
_aScholastic reader. _vLevel 2 |
|
| 505 | _aJ | ||
| 520 | _aWhen Ms. Frizzle takes her class on the magic bus, it transports them into Maria's mouth to teach them about teeth. | ||
| 521 | 8 |
_a460
_bLexile |
|
| 521 | 8 |
_aJ
_bRaz-Plus |
|
| 650 |
_aDental Health _xhuman body |
||
| 700 |
_aBracken, Carolyn _eIllustrator |
||
| 906 |
_a7 _bcbc _corignew _d2 _encip _f20 _gy-gencatlg |
||
| 942 |
_2ddc _cBK _n0 |
||
| 999 |
_c3878 _d3878 |
||